Vista normal
Vista MARC
Entrada Corporate Name
Número de registros utilizados en: 5
001 - CONTROL NUMBER
- control field: 280
003 - CONTROL NUMBER IDENTIFIER
- control field: OSt
005 - DATE AND TIME OF LATEST TRANSACTION
- control field: 20110727094301.0
008 - FIXED-LENGTH DATA ELEMENTS
- fixed length control field: 110727|||a|||||| | ||| d
040 ## - CATALOGING SOURCE
- Original cataloging agency: OSt
- Transcribing agency: OSt
110 ## - HEADING--CORPORATE NAME
- Corporate name or jurisdiction name as entry element: Hospital de Niños de Buenos Aires "Ricardo Gutierrez".
670 ## - SOURCE DATA FOUND
- Source citation: Work cat.: (OSt)246: Hospital de Niños de Buenos Aires "Ricardo Gutierrez"., Guía de diagnóstico y tratamiento. 1, parte 1. Atención Pediátrica Primaria, 1999.